| 000 | 01857nam a22002297a 4500 | ||
|---|---|---|---|
| 999 |
_c63629 _d63629 |
||
| 003 | Ge_BSU | ||
| 005 | 20251117205451.0 | ||
| 008 | 251117s2006 ge ||||| |||| 00| 0 geo d | ||
| 041 | _ageo | ||
| 080 | _a347.73 :351.72 : 657.6 : 336.131 ს-36 | ||
| 100 |
_aსახოკია, გიორგი. _926255 |
||
| 245 |
_aფინანსური კონტროლის საფუძვლები : მეთოდოლ. სახელმძღვანელო : _bგაეროს განვითარების პროგრ. და საქ. კონტროლის პალატის პროექტი "სახელმწიფო კონტროლის სისტემის ქმედუნარიანობის გაძლიერება" / _c გიორგი სახოკია, ილია ზაქარიაძე, ვახტანგ მუჯირიშვილი ; [რედ. ელენე ხარაბაძე] ; საქ. კონტროლის პალატა, სასწ. ცენტრი. |
||
| 264 |
_aთბილისი, _c2006. |
||
| 300 |
_a293 გვ. ; _b20 სმ. |
||
| 490 | _aსაჯარო მოსამსახურის ბიბლიოთეკის სერია დამხმარე სახელმძღვანელო მოხელეთათვის | ||
| 500 | _aგარეკანზე ავტ. მითით. არ არიან. | ||
| 653 | _aფინანსური სამართალი. | ||
| 653 | _aფინანსური კონტროლი | ||
| 700 |
_aზაქარიაძე, ილია _eავტორი _926256 |
||
| 700 |
_aმუჯირიშვილი, ვახტანგ _eავტორი _926257 |
||
| 942 |
_2udc _cBK |
||